000 00489nam a2200157Ia 4500
008 230907s9999||||xx |||||||||||||| ||und||
082 _a620.1
_bQAI
100 _aMuhammad Qaiser Bashir (00000273351)
_9116656
245 0 _aPerformance Evaluation of Phase Change Material Based Free Cooling System /
260 _aUSPCAS-E, NUST,
_bIslamabad :
_c2021
300 _axi, 57 p.
520 _aTH-326
650 _aMS-TEE Thesis MS Thesis
700 _aDr Mariam Mahmood
942 _cTHE
_2ddc
999 _c602004
_d602004